| 000 | 00000nam##2200000za#4500 |
| 001 | 9.625619 |
| 003 | CaOODSP |
| 005 | 20200327183659 |
| 007 | ta |
| 008 | 150406|2001||||xxc||||| f|0| 0 fre|d |
| 020 | |a0-662-85729-1 |
| 040 | |aCaOODSP|bfre |
| 043 | |an-cn--- |
| 086 | 1 |aEn1-35/1-2001F |
| 110 | 1 |aCanada. |bEnvironnement Canada. |
| 245 | 13|aLa santé et à l'environnement |
| 260 | |aDartmouth - Nouvelle-Écosse : |bEnvironnement Canada |c2001. |
| 300 | |a29p. ; |c28 cm. |
| 490 | 1 |aSérie Guides de recherche |
| 563 | |aCouverture souple |
| 590 | |a01-38|b2001-09-21 |
| 691 | 07|aSanté|2gcpds |
| 691 | 07|aEnvironnement|2gcpds |
| 776 | 0#|tLa santé et à l'environnement / |w(CaOODSP)9.602094 |
| 830 | #0|aSérie Guides de recherche.|w(CaOODSP)9.512942 |